Responses for Show #9113 - Wednesday, May 29, 2024

Adriana Harmeyer game 1.

Contestants

[<< previous game]

Brian O'Shea, a gifted specialist and teacher from Winston-Salem, North Carolina

Adriana Harmeyer, an archivist from West Lafayette, Indiana

Abby Mann, a digital scholarship librarian from Normal, Illinois (whose 1-day cash winnings total $5,200)

[next game >>]

Jeopardy! Round responses

LOUISIANA PARISH NAMES
NOVELS
THIS & THAT
DON'T STOP RETRIEVIN'
CLASSIC RAP LYRICS
CHANGE THE S TO AN N
(Ken: Each response will be two words.)
    $200 29
Acadia

Adriana
    $200 10
Lord of the Flies

Brian
    $200 6
Pluto

Brian
    $200 26
rebounds

Brian
    $200 20
drop

Abby
    $200 12
(Abby: What is a nail?)
...
(Ken: We needed them both, Abby, sorry.)

a sail & a nail

AbbyAdriana
    $400 7
Lafayette

Brian
    $400 9
William Faulkner

Abby
    $400 11
(Adriana: Who is Hatshepsut?)

Ramses the Great

Adriana
Triple Stumper
    $400 23
(Brian: Who is Buzz Aldrin?)

Apollo 12

AbbyBrian
    $400 4
(Ken: So true, Biggie.)
[Laughter]

problems

Brian
    $400 13
less & lens

Adriana
    $600 15
(Brian: What is Iberia?)

Orleans

AdrianaBrian
    $600 1
Martin Chuzzlewit

Abby
    $600 27
Porgy and Bess

Abby
    $600 8
repossession

Abby
    $600 5
(Abby: Who is Ice-T?)

Ice Cube

AbbyBrian
    $600 14
base & bane

Triple Stumper
    $1,000 18
(Ken: Yes, Brian inadvertently helped you out there.)

Iberia

Adriana
    $800 2
Dangerous Liaisons

Triple Stumper
    $800 28
terriers

Brian
    $800 24
a Golden Retriever

Abby
    $800 21
O.P.P.

Brian
    $800 17
recast & recant

Adriana
    $1000 30
Beauregard

Triple Stumper
    $1000 3
O Pioneers!

Brian
    $1000 19
the Rhine

Abby
    $1000 25
the Maltese Falcon

Brian
    $1000 22
Eliot Ness

Abby
    $1000 16
ruse & rune

Adriana

Scores at the first commercial break (after clue 15):

Abby Adriana Brian
$800 $800 $2,200

Scores at the end of the Jeopardy! Round:

Abby Adriana Brian
$4,800 $3,800 $4,600

Double Jeopardy! Round responses

WHITE HOUSE WEDDINGS
"M"USIC
SHALL WE SCIENCE?
COOKBOOKS
ALLITERATIVE TV
THIS IS FINE
    $400 6
a sword

Adriana
    $400 7
the Moonlight Sonata

Abby
    $400 27
yeast

Abby
    $400 8
Scandinavia

Adriana
    $400 1
Blue Bloods

Adriana
    $400 30
middling

Abby
    $800 17
Wilson

Brian
    $800 9
(Abby: What is the marimba?)

the mambo

Abby
Triple Stumper
    $800 15
(Abby: Jane Good--who is [*]?)

Jane Goodall

Abby
    $800 11
Yellowstone

Adriana
    $800 2
Courteney Cox

Adriana
    $800 28
so-so

Adriana
    $1200 18
the Rose Garden

Brian
    $1200 10
Mahler

Abby
    $1200 16
mole

Adriana
    $1200 14
biscuits

Brian
    $1200 3
(Ken: On Sopranos it was [*].)

the Bada Bing

Triple Stumper
    $1200 22
(Brian: What is a bah?)

meh

Brian
Triple Stumper
    $6,000 19
(Brian: Who is Martha Washington?)

Dolley Madison

Brian
    $4,000 12
(Ken: Adriana?)
...
(Ken: Just in the nick of time.)

mezzo-soprano

Adriana
    $1600 26
sulfur

Adriana
    $1600 24
dal

Abby
    $1600 4
(Brian: What is Breaking Bad?)
...
(Ken: Yes, needed the character.)

Walter White

AdrianaBrian
    $1600 23
(Adriana: What is dandy?)

hunky dory

AbbyAdriana
    $2000 20
(Barbara) Boxer

Brian
    $2000 13
The Merry Widow waltz

Abby
    $2000 21
Rutherford

Triple Stumper
    $2000 25
Ina Garten

Adriana
    $2000 5
(Ken: It's a sick burn from his brother [*].)

Roman Roy

Triple Stumper
    $2000 29
(Brian: What is gussie or gussied?)

a swell

Brian
Triple Stumper

Scores at the end of the Double Jeopardy! Round:

Abby Adriana Brian
$12,400 $16,200 -$1,000

[wagering suggestions for these scores]

Final Jeopardy! Round responses

HISTORIC GEOGRAPHY
(Ken: [To Abby] Yes, a new shrine for Thomas Becket to attract pilgrims.)
AbbyWhat is Canterbury Canterbury?
$3,000
AdrianaWhat is Canterbury?
$10,000
Canterbury

Final scores:

Abby Adriana Brian
$15,400 $26,200 -$1,000
2nd place: $3,000 New champion: $26,200 3rd place: $2,000

Game dynamics:

Coryat scores:

Abby Adriana Brian
$12,400 $13,600 $5,000
17 R,
3 W
18 R
(including 2 DDs),
2 W
14 R,
6 W
(including 1 DD)

Combined Coryat: $31,000

[game clues] [game scores] [suggest correction]

Game tape date: 2024-04-09
The J! Archive is created by fans, for fans. Scraping, republication, monetization, and malicious use prohibited; this site may use cookies and collect identifying information. See terms. The Jeopardy! game show and all elements thereof, including but not limited to copyright and trademark thereto, are the property of Jeopardy Productions, Inc. and are protected under law. This website is not affiliated with, sponsored by, or operated by Jeopardy Productions, Inc. Join the discussion at JBoard.tv.